[Event "20th World Seniors"]
[Site "Arco ITA"]
[Date "2010.10.30"]
[Round "5"]
[White "Titz,Hei"]
[Black "Jones,B"]
[Result "1-0"]
[WhiteElo "2225"]
[BlackElo "2079"]

1.c4 Nf6 2.Nc3 g6 3.e4 d6 4.d4 Bg7 5.Nf3 O-O 6.Be2 e5 7.Be3 Ng4 8.Bg5 f6
9.Bh4 Qe8 10.O-O Nh6 11.Re1 Kh8 12.h3 Be6 13.Qb3 Qc8 14.Rad1 Na6 15.Qc2 Bg8
16.a3 exd4 17.Nxd4 Nc5 18.Nd5 Rf7 19.Bg3 a6 20.b4 Ne6 21.Nxe6 Qxe6 22.c5 f5
23.Bc4 f4 24.Nxf4 Qe8 25.Bxf7 Nxf7 26.Nd5 Rc8 27.Rc1 dxc5 28.Nxc7 Qd7 29.Red1 Qc6
30.Nd5 Re8 31.bxc5 Ng5 32.f3 Ne6 33.Nb4 Qb5 34.Qd3 Qa4 35.Qd7 Qxd7 36.Rxd7 Rc8
37.Nd3 Nd4 38.Rb1 Ne2+ 39.Kf2 Nc3 40.Rbxb7 Rf8 41.Ke1  1-0

[Event "20th World Seniors"]
[Site "Arco ITA"]
[Date "2010.10.30"]
[Round "5"]
[White "Gutkin,B ISR"]
[Black "Batakovs,O"]
[Result "1-0"]
[WhiteElo "2275"]
[BlackElo "2143"]

1.Nf3 Nf6 2.c4 g6 3.Nc3 Bg7 4.e4 d6 5.d4 O-O 6.Be2 e5 7.O-O exd4 8.Nxd4 Re8
9.Bf3 Nbd7 10.Re1 Ne5 11.Be2 Nc6 12.Nxc6 bxc6 13.Bf1 Nd7 14.Bf4 Rb8 15.Qd2 Nc5
16.Bg5 Qd7 17.f3 a5 18.Rac1 a4 19.Be3 Ra8 20.Bd4 Bxd4+ 21.Qxd4 Rb8 22.Red1 Rxb2
23.Nd5  1-0

[Event "Chigorin Mem Classic Open"]
[Site "St Petersburg RUS"]
[Date "2010.10.30"]
[Round "3"]
[White "Kozenkov,V"]
[Black "Kashtanov,R"]
[Result "0-1"]
[WhiteElo "2132"]
[BlackElo "2351"]

1.d4 Nf6 2.Nf3 g6 3.c4 Bg7 4.Nc3 O-O 5.e4 d6 6.Be2 Nbd7 7.O-O e5 8.d5 Nc5
9.Qc2 a5 10.Bg5 h6 11.Be3 b6 12.Nd2 Bg4 13.f3 Bd7 14.b3 Nh5 15.a3 Nf4 16.Rfb1 Qg5
17.Bxf4 exf4 18.Bf1 Rfe8 19.b4 Bd4+ 20.Kh1 Qe5 21.bxc5 Bxc3 22.Ra2 bxc5 23.Rb7 Rac8
24.Bd3 a4 25.Qd1 Qd4 26.Qe2 g5 27.g4 h5 28.gxh5 Qh8 29.Rc2 Be5 30.Rc1 Qxh5
31.Rcb1 Bc3 32.Nf1 g4 33.Qg2 Kh8 34.Be2 g3 35.Nxg3 fxg3 36.f4 Qxh2+ 37.Qxh2+ gxh2
38.Bf3 Bd2 39.Kxh2 Bxf4+ 40.Kg2 Kg7  0-1

[Event "Chigorin Mem Classic Open"]
[Site "St Petersburg RUS"]
[Date "2010.10.30"]
[Round "3"]
[White "Memarian,M"]
[Black "Gantsevich,Dmitry"]
[Result "1-0"]
[WhiteElo "2018"]
[BlackElo "1623"]

1.Nf3 Nf6 2.d4 g6 3.c4 Bg7 4.Nc3 O-O 5.e4 d6 6.Be2 Nbd7 7.O-O e5 8.d5 a5
9.Ne1 Nc5 10.Bf3 Ne8 11.Nd3 Nxd3 12.Qxd3 f5 13.a4 Nf6 14.Rb1 fxe4 15.Nxe4 Bf5
16.b4 axb4 17.Rxb4 Rb8 18.a5 Qd7 19.Bd2 c6 20.Rb6 cxd5 21.Nxf6+ Rxf6 22.Bxd5+ Kh8
23.Qb3 Be6 24.Rxb7 Rxb7 25.Qxb7 Qxb7 26.Bxb7 Bxc4 27.a6 d5 28.a7 Rf8 29.Ra1 e4
30.a8=Q Rxa8 31.Rxa8+ Bf8 32.Bh6  1-0

[Event "Chigorin Mem Classic Open"]
[Site "St Petersburg RUS"]
[Date "2010.10.30"]
[Round "3"]
[White "Matlakov,M"]
[Black "Akatova,E"]
[Result "1/2-1/2"]
[WhiteElo "2613"]
[BlackElo "2260"]

1.d4 Nf6 2.c4 g6 3.Nc3 Bg7 4.e4 d6 5.Nf3 O-O 6.Be2 e5 7.O-O Na6 8.Re1 exd4
9.Nxd4 c6 10.Bg5 Qa5 11.Bf4 Re8 12.Nb3 Qb6 13.Bf1 Ng4 14.Qd2 Be6 15.Rac1 Rad8
16.Nd1 Nc5 17.Qc2 f5 18.h3 Ne5 19.Nxc5 dxc5 20.Nc3 fxe4 21.Nxe4 Bf5 22.b3 Rd4
23.Re3 Qd8 24.Rce1 Rf8 25.Qc1 b6 26.Bg5 Qd7 27.f3 Nd3 28.Bxd3 Rxd3 29.Rxd3 Qxd3
30.Bh6 Rd8 31.Bxg7 Kxg7 32.Qg5 Qd4+ 33.Kh1 Re8 34.Rf1 Bxe4 35.fxe4 Rxe4 36.Qg3 Qe5
37.Qf3 Qe7 38.Qc3+ Qe5 39.Qf3 Qe7 40.Qc3+ Qe5  1/2-1/2

[Event "Chigorin Mem Classic Open"]
[Site "St Petersburg RUS"]
[Date "2010.10.30"]
[Round "3"]
[White "Yakimenko,Alex"]
[Black "Kalegin,E"]
[Result "0-1"]
[WhiteElo "2211"]
[BlackElo "2453"]

1.d4 Nf6 2.c4 g6 3.Nc3 Bg7 4.e4 d6 5.Nf3 O-O 6.Be2 Nbd7 7.O-O e5 8.Be3 h6
9.h3 exd4 10.Nxd4 Re8 11.Qc2 Nc5 12.Bf3 a5 13.Rad1 Nh7 14.Rfe1 Ng5 15.Bxg5 hxg5
16.Nd5 c6 17.Ne3 Qe7 18.Nf1 Be5 19.Nh2 Qf6 20.Qd2 Re7 21.Ng4 Bxg4 22.Bxg4 Rae8
23.Bf3 a4 24.Re2 Kg7 25.g3 Ne6 26.Nxe6+ Qxe6 27.Qxg5 Qxc4 28.h4 Qxa2 29.Bg4 Qb3
30.Qd2 c5 31.Kg2 Bd4 32.Bf3 d5 33.exd5 Rxe2 34.Bxe2 Qxb2 35.Qxb2 Bxb2 36.Bb5 Ra8
37.d6 a3 38.Bc4 b5 39.Bd5 Rd8 40.Ba2 c4 41.Rd5 c3 42.Rc5 Rxd6 43.Rc7 Rf6
44.f4 Kf8 45.Kf3 Ke8 46.Ke4 b4 47.g4 Kd8 48.Rc5 Rb6 49.Bb3 Ra6 50.Ba2 b3
51.Bxb3 a2 52.Bxa2 Rxa2  0-1

[Event "14th OIBM"]
[Site "Bad Wiessee GER"]
[Date "2010.10.31"]
[Round "2.46"]
[White "Solomon,K"]
[Black "Maugg,L"]
[Result "1-0"]
[WhiteElo "2394"]
[BlackElo "2099"]

1.d4 Nf6 2.Nf3 g6 3.c4 Bg7 4.Nc3 d6 5.e4 O-O 6.Be2 Nbd7 7.O-O e5 8.Be3 Re8
9.d5 Nh5 10.g3 Bf8 11.Ne1 Ng7 12.Nd3 f5 13.f3 Nf6 14.b4 fxe4 15.fxe4 Bh3
16.Rf3 Be7 17.Nf2 Bd7 18.h3 h5 19.c5 Nh7 20.h4 g5 21.hxg5 Nxg5 22.Bxg5 Bxg5
23.Qb3 Rf8 24.c6 Rxf3 25.Bxf3 Bc8 26.Kg2 Be3 27.Rh1 Qg5 28.Ncd1 Bf4 29.Be2 b6
30.a4 a5 31.b5 Bd2 32.Qf3 Bg4 33.Nxg4 Rf8 34.Qd3 hxg4 35.Rh4 Rf4 36.Nf2 Nf5
37.exf5 Rd4 38.Qxd4 Qxh4 39.Qxd2  1-0

[Event "14th OIBM"]
[Site "Bad Wiessee GER"]
[Date "2010.10.31"]
[Round "3.32"]
[White "Meister,P"]
[Black "Weidlich,G"]
[Result "1-0"]
[WhiteElo "2446"]
[BlackElo "2192"]

1.d4 Nf6 2.c4 d6 3.Nc3 e5 4.Nf3 Nbd7 5.e4 g6 6.Be2 Bg7 7.O-O O-O 8.Be3 exd4
9.Nxd4 Re8 10.f3 c6 11.Qd2 d5 12.exd5 cxd5 13.Ndb5 Nb6 14.c5 Nc4 15.Bxc4 dxc4
16.Nd6 Re7 17.Nxc4 Qxd2 18.Bxd2 Be6 19.Nd6 Rc7 20.b4 Nd5 21.Rac1 Nxc3 22.Bxc3 Bxa2
23.Bxg7 Kxg7 24.Ra1 Be6 25.Rxa7 Rxa7 26.Ne8+ Kf8 27.Nxc7 Ra2 28.Nxe6+ fxe6
29.Re1 Ke7 30.h4 Rb2 31.Re4 h6 32.Kh2 Kf6 33.Kh3 Kf5 34.Kg3 Kf6 35.Rc4 Kf5
36.Rf4+ Ke5 37.h5 g5 38.Rf7 Rxb4 39.Rh7 Kf5 40.Rxh6 Rc4 41.Rh7 Rxc5 42.Rf7+ Ke5
43.Kg4 b5 44.Kxg5 Kd4+ 45.Kg6 b4 46.h6 b3 47.h7 Rc8 48.Rb7 Kc3 49.Kg7 b2
50.h8=Q  1-0

[Event "14th OIBM"]
[Site "Bad Wiessee GER"]
[Date "2010.10.31"]
[Round "3.9"]
[White "Graf,A"]
[Black "Rogobete,N"]
[Result "1-0"]
[WhiteElo "2606"]
[BlackElo "2269"]

1.d4 Nf6 2.c4 g6 3.Nc3 Bg7 4.e4 d6 5.Nf3 O-O 6.Be2 e5 7.O-O Nbd7 8.Qc2 c6
9.d5 c5 10.Bg5 h6 11.Bd2 Nh5 12.g3 Ndf6 13.Nh4 Bh3 14.Rfb1 Bg4 15.Bxg4 Nxg4
16.a3 Ngf6 17.b4 Nd7 18.Na4 b6 19.bxc5 dxc5 20.Nc3 Nhf6 21.a4 Qe7 22.a5 Rfc8
23.Nb5 Ne8 24.axb6 axb6 25.Na7 Bf6 26.Nf3 Bg5 27.Nxc8 Rxc8 28.Ra7 Bxd2 29.Qxd2 Kg7
30.Rxb6 Nd6 31.Qc2 Rd8 32.Rc6 Qf6 33.Kg2  1-0

[Event "Chigorin Mem Classic Open"]
[Site "St Petersburg RUS"]
[Date "2010.10.31"]
[Round "4"]
[White "Mozharov,M"]
[Black "Kovalev,Vl"]
[Result "1/2-1/2"]
[WhiteElo "2494"]
[BlackElo "2328"]

1.d4 Nf6 2.c4 g6 3.Nc3 Bg7 4.e4 d6 5.Nf3 O-O 6.Be2 e5 7.O-O Na6 8.Re1 Qe8
9.Bf1 Bg4 10.Be3 Bxf3 11.Qxf3 Ng4 12.dxe5 Nxe3 13.Qxe3 Qxe5 14.Rad1 Rfe8
15.a3 c6 16.f4 Qc5 17.b4 Qxe3+ 18.Rxe3 Rad8 19.g3 f5 20.Bg2 fxe4 21.Nxe4 d5
22.cxd5 cxd5 23.Red3 d4 24.Ng5 b6 25.Bc6 Re7 26.Bb5 Nc7 27.Bc4+ Kf8 28.Nxh7+ Ke8
29.Ng5 b5 30.Bb3 Re3 31.Kf2 Ke7 32.Re1 Rxe1 33.Kxe1 a5 34.Rd1 d3 35.Kd2 axb4
36.axb4 Bf6 37.Re1+ Kd7 38.Ne4 Be7 39.Kxd3 Bxb4 40.Rc1 Ba3 41.Rc2 Ne8 42.g4 Ke7+
43.Ke3 Nf6 44.Rc7+ Nd7 45.g5 Rh8 46.Nf6 Rh3+ 47.Ke4 Rxb3 48.Rxd7+ Ke6 49.Rb7 Bd6
50.Nd5 Rb1 51.Nc7+ Bxc7 52.Rxc7 Re1+ 53.Kf3 Rf1+ 54.Kg3 Rg1+ 55.Kf2 Rd1 56.Rb7 Kf5
57.Rxb5+ Kxf4 58.Rb4+  1/2-1/2

[Event "Chigorin Mem Classic Open"]
[Site "St Petersburg RUS"]
[Date "2010.10.31"]
[Round "4"]
[White "Goganov,A"]
[Black "Amonatov,F"]
[Result "1/2-1/2"]
[WhiteElo "2478"]
[BlackElo "2602"]

1.d4 Nf6 2.c4 g6 3.Nc3 Bg7 4.e4 d6 5.Nf3 O-O 6.Be2 e5 7.O-O Nbd7 8.Be3 Ng4
9.Bg5 f6 10.Bc1 c6 11.d5 c5 12.Rb1 Qe7 13.Ne1 Nh6 14.Nb5 Nb6 15.b4 cxb4 16.Be3 Bd7
17.Rxb4 Nc8 18.Qc1 Bxb5 19.cxb5 Nf7 20.Rc4 f5 21.f3 f4 22.Rc7 Qd8 23.Bf2 Rb8
24.a4 Bf6 25.a5 Bh4 26.Bxh4 Qxh4 27.Nd3 Ne7 28.Nb4 Rbc8 29.a6 b6 30.Qc3 h5
31.Rd1 g5 32.Rxc8 Rxc8 33.Nc6 Ng6 34.Qe1 Qxe1+ 35.Rxe1 Rc7 36.Rc1 Nd8 37.Rc4 Nxc6
38.Rxc6 Rd7 39.Kf2 Ne7 40.Rc1 Kf7 41.g3 fxg3+ 42.hxg3 Ng8 43.Ke3 Nf6 44.Bf1 Kg6
45.Rc8 g4 46.Be2 Re7 47.Rc6 gxf3 48.Bxf3 Rd7 49.Kf2 Kg5 50.Kg2 h4 51.Kh3 hxg3
52.Kxg3 Rd8 53.Rc7 Rd7 54.Rb7 Rh7 55.Bg2 Kg6 56.Bf3  1/2-1/2

[Event "16th Venetian Chess Autumn"]
[Site "Venice ITA"]
[Date "2010.10.31"]
[Round "2.19"]
[White "Vianello,E"]
[Black "Gabassi,F"]
[Result "1-0"]
[WhiteElo "2181"]
[BlackElo "1885"]

1.Nf3 Nf6 2.c4 g6 3.Nc3 Bg7 4.e4 d6 5.d4 O-O 6.Be2 Nbd7 7.O-O e5 8.Be3 exd4
9.Nxd4 Nc5 10.f3 Ne6 11.Rc1 Nh5 12.Qd2 Qh4 13.Nxe6 fxe6 14.Rf2 Nf4 15.Bf1 Be5
16.g3 Nh3+ 17.Bxh3 Qxh3 18.f4 Bxc3 19.Qxc3 Bd7 20.b4 Bc6 21.Qd3 d5 22.cxd5 exd5
23.b5 Bd7 24.Rxc7 Qe6 25.Rxb7 Rfb8 26.f5  1-0

[Event "14th OIBM"]
[Site "Bad Wiessee GER"]
[Date "2010.11.01"]
[Round "4.45"]
[White "Heuer,T"]
[Black "Lupor,S"]
[Result "1/2-1/2"]
[WhiteElo "2122"]
[BlackElo "2295"]

1.d4 Nf6 2.Nf3 g6 3.c4 Bg7 4.Nc3 O-O 5.e4 d6 6.Be2 Nbd7 7.O-O e5 8.Re1 c6
9.Bf1 Qe7 10.b3 exd4 11.Nxd4 Ng4 12.Qxg4 Bxd4 13.Qg3 Qf6 14.Bd2 h5 15.Rac1 Ne5
16.Nd1 Re8 17.h3 a5 18.Kh1 a4 19.b4 a3 20.Bg5 Qg7 21.Qf4  1/2-1/2

[Event "VII Open"]
[Site "Figueira da Foz POR"]
[Date "2010.11.01"]
[Round "3.26"]
[White "Monteiro,S"]
[Black "Felicio,F"]
[Result "0-1"]
[WhiteElo "1818"]
[BlackElo "1920"]

1.d4 Nf6 2.c4 g6 3.Nc3 Bg7 4.e4 d6 5.Be2 O-O 6.Nf3 e5 7.dxe5 dxe5 8.Qxd8 Rxd8
9.Bg5 Re8 10.Nd5 Nxd5 11.cxd5 Bd7 12.Rc1 c6 13.Bc4 cxd5 14.Bxd5 Nc6 15.a3 Rac8
16.O-O b6 17.Rfd1 Nd4 18.Kf1 Bb5+ 19.Ke1 Ba4 20.Rd3 Rxc1+ 21.Bxc1 Rc8 22.Rc3 Rxc3
23.bxc3 Nxf3+ 24.gxf3 Bf8 25.c4 Bd6 26.Ke2 Kg7 27.Bb7 a5 28.Be3 Bc5 29.Bxc5 bxc5
30.Kf1 h5 31.h4 Kh6 32.Kg2 g5 33.Kg3 Bd1 34.Bd5 gxh4+ 35.Kxh4 f6 36.Kg3 Kg5
37.Kg2  0-1

[Event "VII Open"]
[Site "Figueira da Foz POR"]
[Date "2010.11.01"]
[Round "3.22"]
[White "Pais,B"]
[Black "Durao,J"]
[Result "0-1"]
[WhiteElo "1697"]
[BlackElo "2009"]

1.d4 Nf6 2.c4 g6 3.Nc3 Bg7 4.Nf3 d6 5.e4 O-O 6.Be2 e5 7.dxe5 dxe5 8.Bg5 Qxd1+
9.Rxd1 c6 10.O-O Nbd7 11.b4 a5 12.b5 Re8 13.Rd6 h6 14.Bxf6 Nxf6 15.Rfd1 cxb5
16.cxb5 Bg4 17.h3 Rac8 18.R1d3 Rxc3 19.Rxc3 Nxe4 20.hxg4 Nxc3 21.Bc4 Rc8
22.Nd2 Nb1 23.Rd7 Nxd2 24.Bxf7+ Kf8 25.Bxg6 Rc1+ 26.Kh2 Nf1+ 27.Kh3 e4 28.Bxe4 Be5
29.Bxb7 Ng3 30.g5 h5  0-1

[Event "Chigorin Mem Classic Open"]
[Site "St Petersburg RUS"]
[Date "2010.11.01"]
[Round "5"]
[White "Smirnov,Arte"]
[Black "Demchenko,A"]
[Result "0-1"]
[WhiteElo "2426"]
[BlackElo "2529"]

1.d4 Nf6 2.c4 g6 3.Nc3 Bg7 4.e4 O-O 5.Nf3 d6 6.Be2 e5 7.Be3 Nbd7 8.O-O c6
9.d5 c5 10.Ne1 Kh8 11.Nd3 Ng8 12.Qd2 f5 13.f4 g5 14.g3 gxf4 15.gxf4 b5 16.Nxb5 fxe4
17.Nf2 Qe7 18.Rae1 Rb8 19.b3 Rxb5 20.cxb5 exf4 21.Bxf4 Bd4 22.Bd1 Bb7 23.Be3 Qg7+
24.Kh1 Bc3 25.Qe2 Bxe1 26.Qxe1 Bxd5 27.Ng4 Rxf1+ 28.Qxf1 Ba8 29.b4 cxb4 30.Qc4 h5
31.Nf2 Nb6 32.Qd4 Qxd4 33.Bxd4+ Kh7 34.Kg1 Kg6 35.Bc2 Kf5 36.Nd1 Ne7 37.Ne3+ Kg5
38.Bd1 h4 39.Bb3 Nf5 40.Bxb6 axb6 41.Nc4 Bb7 42.Nxb6 Nd4 43.Bc4 Kf4 44.Bd5 Bxd5
45.Nxd5+ Kf3 46.b6 e3 47.Nxb4 e2 48.Nd3 Ke3  0-1

[Event "16th Venetian Chess Autumn"]
[Site "Venice ITA"]
[Date "2010.11.01"]
[Round "4.6"]
[White "Rorato,R"]
[Black "Ceschia,I"]
[Result "0-1"]
[WhiteElo "2053"]
[BlackElo "2251"]

1.Nf3 Nf6 2.c4 g6 3.Nc3 Bg7 4.e4 d6 5.d4 O-O 6.Be2 e5 7.O-O Na6 8.Re1 Qe8
9.d5 Qe7 10.Nd2 Ne8 11.a3 f5 12.b4 f4 13.Nb3 Qh4 14.g3 Qf6 15.f3 Bh6 16.Ra2 Bg5
17.Kg2 Ng7 18.g4 h5 19.h3 hxg4 20.hxg4 Kf7 21.Rh1 Bd7 22.c5 Rh8 23.c6 Rxh1
24.Qxh1 Bc8 25.Qh8 Ne8 26.Qh7+ Qg7 27.Qxg7+ Kxg7 28.Na5 b6 29.Nb3 Nb8 30.Bd2 Na6
31.Be1 Nf6 32.Bf2 Ne8 33.Nd2 Be7 34.Nc4 Bf6 35.Nb5 Bd8 36.Rb2 Be7 37.a4 Nf6
38.Nc3 Rb8 39.b5 Nc5 40.Bxc5 bxc5 41.a5 Ne8 42.b6 axb6 43.axb6 cxb6 44.Nxb6 Bd8
45.Nca4 Bxb6 46.Rxb6 Ra8 47.Nb2 Kf7 48.Bc4 Ke7 49.Kf2 Nc7 50.Nd3 Ra4 51.Rb8 Kd8
52.Bb3 Rd4 53.Bc2 Na6 54.Ra8 c4 55.Ne1 Rd2+ 56.Kf1 Nb4 57.Ba4 Ra2 58.Ra7 Ba6  0-1

[Event "VII Open"]
[Site "Figueira da Foz POR"]
[Date "2010.11.03"]
[Round "5.20"]
[White "Goncalves,Al"]
[Black "Durao,J"]
[Result "1/2-1/2"]
[WhiteElo "1907"]
[BlackElo "2009"]

1.d4 Nf6 2.c4 g6 3.Nc3 Bg7 4.e4 d6 5.Nf3 O-O 6.Be2 e5 7.d5 Nbd7 8.O-O Nc5
9.Qc2 a5 10.Be3 Ne8 11.Nd2 f5 12.f3 f4 13.Bf2 g5 14.Nb3 b6 15.Nxc5 dxc5 16.a3 Rf6
17.d6 Rxd6 18.Rfd1 Bd7 19.Nb5 Bxb5 20.cxb5 Qe7 21.Rd3 Rad8 22.Rad1 Bf6 23.Be1 Rxd3
24.Rxd3 Rxd3 25.Qxd3 Qd6 26.Qd2 Qd4+ 27.Kf1 Kf7 28.Qc3 Nd6 29.Bf2 Qxc3 30.bxc3 Ke7
31.Ke1 Kd7 32.Kd2 c6 33.c4 Kc7 34.Kc3 cxb5 35.cxb5 g4 36.a4 h5 37.Be1 h4
38.h3 g3 39.Bf1 Ne8 40.Bc4 Kd6 41.Bf1 Ke7 42.Kc4 Ke6 43.Kc3 Nd6 44.Bd2 Ke7
45.Kb3 Nf7 46.Kc4 Ke6 47.Kc3 Kd6 48.Kc4 Bd8 49.Bc1 Ke6 50.Kc3 Ng5 51.Kc4 Kd6
52.Bd2 Nf7 53.Be1 Ke6 54.Kc3 Nd6 55.Bd2 Be7 56.Bc1 Ne8 57.Kc4 Kd6 58.Bb2 Nc7
59.Ba1 Bd8 60.Bb2 Ne8 61.Bc3 Ke6 62.Bd2 Nd6+ 63.Kc3 Kf6 64.Bc1 Be7 65.Bb2 Nb7
66.Kc4 Ke6 67.Kc3 Nd6 68.Bc1 Bd8 69.Bd2 Ne8 70.Kc4 Kd6 71.Bc1 Nc7 72.Bb2 Ne6
73.Ba1 Nc7 74.Bb2 Ne8 75.Bc1 Ke6 76.Bd2 Nd6+ 77.Kc3 Bg5 78.Be1 Be7 79.Bd2  1/2-1/2

[Event "VII Open"]
[Site "Figueira da Foz POR"]
[Date "2010.11.03"]
[Round "5.7"]
[White "Santos,AntonioP"]
[Black "Vassallo Barroche,M"]
[Result "1/2-1/2"]
[WhiteElo "2326"]
[BlackElo "2422"]

1.d4 d6 2.Nf3 g6 3.c4 Bg7 4.Nc3 Nd7 5.e4 e5 6.Be2 Ngf6 7.O-O O-O 8.Re1 exd4
9.Nxd4 Re8 10.Bf1 c6 11.Rb1 a5 12.f3 Nc5 13.Nb3 Ne6 14.a4 Nd7 15.Be3 Ndc5
16.Nd4 h5 17.g3 h4 18.Nxe6 Bxe6 19.gxh4 Qxh4 20.Qxd6 Nd7 21.Qg3 Qxg3+ 22.hxg3 Ne5
23.Kf2 Bxc4 24.Bxc4 Nxc4 25.Red1 Rad8 26.g4 f5 27.gxf5 gxf5 28.Rxd8 Rxd8
29.exf5 Rd3 30.Bf4 Bxc3 31.bxc3 b6 32.Rg1+ Kf7 33.Rg6 c5 34.Kg3 Rxc3 35.Rc6 Rc2
36.Bc7 Rc3 37.Kf4 Rb3 38.Kg5 Rxf3 39.Rf6+ Ke7 40.Re6+ Kd7 41.Bf4 Rf1 42.Re4 Nd6
43.Bxd6 Kxd6 44.Re6+ Kd5 45.Rxb6 c4 46.Rb8 c3 47.Rc8 Kd4 48.f6 Kd3 49.Kg6 c2
50.f7 Kd2 51.Rd8+ Kc3 52.f8=Q Rxf8 53.Rxf8 c1=Q 54.Rc8+ Kb2 55.Rxc1 Kxc1
56.Kf5 Kc2 57.Ke4 Kb3 58.Kd3 Kxa4 59.Kc2  1/2-1/2

[Event "Chigorin Mem Classic Open"]
[Site "St Petersburg RUS"]
[Date "2010.11.03"]
[Round "7"]
[White "Poghosyan,S"]
[Black "Naboka,S"]
[Result "1-0"]
[WhiteElo "2335"]
[BlackElo "2152"]

1.Nf3 Nf6 2.d4 g6 3.c4 Bg7 4.Nc3 O-O 5.e4 d6 6.Be2 Na6 7.O-O e5 8.Be3 exd4
9.Nxd4 Nc5 10.f3 Re8 11.Qd2 Bd7 12.Rfd1 Qe7 13.Bg5 Nfxe4 14.Bxe7 Nxd2 15.Rxd2 Rxe7
16.Kf1 Bxd4 17.Rxd4 Ne6 18.Re4 Kf8 19.Nd5 Bc6 20.Rh4 Bxd5 21.cxd5 Ng5 22.f4 Ne4
23.Rxh7 Kg8 24.Rh3 Nd2+ 25.Kf2 Ne4+ 26.Kf1 Nd2+ 27.Kf2 Ne4+ 28.Kg1 Nf6 29.Bf3 Rae8
30.Kf1 Re3 31.Rd1 Nd7 32.Bg4 Nb6 33.Rxe3 Rxe3 34.Bf3 Nc4 35.Kf2 Re7 36.b3 Ne3
37.Rd3 Nf5 38.g4 Ng7 39.Rd4 f6 40.h4 Ne8 41.Rb4 b6 42.Rc4 a5 43.Rc1 Kg7 44.Be2 Kh6
45.Bd3 Kg7 46.Bb5 Kf7 47.Bxe8+ Kxe8 48.Re1 Rxe1 49.Kxe1 f5 50.g5 Kf7 51.Kf2 Kg7
52.Kg3 b5 53.Kf3 Kf7 54.Ke3 Ke7 55.a4 bxa4 56.bxa4 Kd7 57.Kd4 c5+ 58.dxc6+ Kxc6
59.h5 gxh5 60.g6  1-0

[Event "Chigorin Mem Classic Open"]
[Site "St Petersburg RUS"]
[Date "2010.11.03"]
[Round "7"]
[White "Volkov,Sergey1"]
[Black "Fedoseev,Vl3"]
[Result "0-1"]
[WhiteElo "2595"]
[BlackElo "2477"]

1.d4 Nf6 2.c4 g6 3.Nc3 Bg7 4.e4 d6 5.Be2 O-O 6.Nf3 e5 7.Be3 exd4 8.Nxd4 Re8
9.f3 c6 10.Bf2 d5 11.exd5 cxd5 12.O-O Nc6 13.c5 Nh5 14.Qd2 Be5 15.g3 Ng7
16.Rfd1 Be6 17.Ncb5 a6 18.f4 axb5 19.fxe5 Nxe5 20.Nxe6 fxe6 21.Qc3 Qc7 22.g4 Ra4
23.b4 Nc4 24.a3 Qc6 25.Bxc4 dxc4 26.h3 Rf8 27.Qe5 Raa8 28.Bd4 Rf7 29.Rf1 Rd7
30.Rad1 Qd5 31.Qe2 Rad8 32.Rd2 Qg5 33.Be3 Rxd2 34.Qxd2 Rxd2 35.Bxg5 Rd7 36.Kg2 h5
37.Bf6 Rf7 38.Be5 Rxf1 39.Kxf1 hxg4 40.hxg4 Ne8 41.a4 bxa4 42.b5 c3 43.Ke2 a3
44.Kd3 Nc7 45.c6 bxc6 46.b6 Na6 47.Bxc3 Kf7 48.Kd4 a2 49.b7 Ke7 50.Ke5 c5
51.Kf4 Kd6  0-1

[Event "Chigorin Mem Classic Open"]
[Site "St Petersburg RUS"]
[Date "2010.11.03"]
[Round "7"]
[White "Belotserkovsky,D"]
[Black "Sorokina,A RUS"]
[Result "1-0"]
[WhiteElo "2012"]
[BlackElo "2094"]

1.d4 Nf6 2.c4 g6 3.Nc3 Bg7 4.Nf3 O-O 5.e4 d6 6.Be2 e5 7.Be3 Ng4 8.Bg5 f6
9.Bh4 h5 10.h3 Nh6 11.dxe5 dxe5 12.Qxd8 Rxd8 13.Nd5 g5 14.Nxg5 fxg5 15.Bxg5 Rd7
16.Ne7+ Kh8 17.Nxc8 Nc6 18.Bxh5 Rxc8 19.Bxh6 Bxh6 20.Bg4 Rcd8 21.Bxd7 Rxd7
22.O-O Rd4 23.b3 Rxe4 24.Rfe1 Rf4 25.Rad1 Rf7 26.Rd5 Bg7 27.Re4 Kh7 28.Rh4+ Kg6
29.Rg4+ Kh6 30.g3 Nd4 31.Kg2 Ne6 32.Re4 Re7 33.f4 exf4 34.gxf4 Bf6 35.Kf1 b6
36.f5 Ng5 37.Rxe7 Bxe7 38.Kg2 Bd6 39.h4 Ne4 40.Kf3 Nf6 41.Rd1 Kh5 42.Rh1 a5
43.a4 Ng4 44.Rg1 Ne5+ 45.Ke4 Kxh4 46.Kd5 Nf3 47.Rg8 Ng5 48.Rg6 Kg4 49.Rxd6 cxd6
50.Kxd6 Kxf5 51.Kc6 Ne4 52.Kxb6 Nd2 53.Kxa5 Nxb3+ 54.Kb6 Nd2 55.c5 Ke6 56.a5 Nc4+
57.Kb5 Nxa5 58.Kxa5 Kd7 59.Kb6 Kc8 60.Kc6  1-0

[Event "Chigorin Mem Classic Open"]
[Site "St Petersburg RUS"]
[Date "2010.11.03"]
[Round "7"]
[White "Kirusha,A"]
[Black "Komiagina,M"]
[Result "1/2-1/2"]
[WhiteElo "2380"]
[BlackElo "2263"]

1.Nf3 Nf6 2.c4 g6 3.Nc3 Bg7 4.e4 d6 5.d4 O-O 6.Be2 e5 7.O-O Na6 8.Be3 Ng4
9.Bg5 Qe8 10.dxe5 dxe5 11.h3 f6 12.Bd2 Nh6 13.c5 c6 14.b4 Nf7 15.Na4 Be6
16.Nb2 Rd8 17.Qc1 f5 18.Nc4 Bf6 19.Rb1 Qe7 20.Bc3 Bc8 21.Qb2 Rfe8 22.exf5 gxf5
23.Rbe1 Nc7 24.Nd6 Rxd6 25.cxd6 Qxd6 26.Bc4 Nd5 27.b5 Kg7 28.bxc6 bxc6 29.Qb3 Be6
30.Ba1 Rb8 31.Qd1 Rb4 32.Bb3 a5 33.Qc2 Rb8 34.Rd1 Kh8 35.Rfe1 Re8 36.Qd2 Rg8
37.Nxe5 Nxe5 38.Qe2 a4 39.Bxd5 Bxd5 40.Bxe5 Rxg2+ 41.Kf1 Bxe5 42.Qxe5+ Qxe5
43.Rxe5 Rh2 44.Rd4 Rxh3 45.Rxa4 Kg7 46.Rxf5 Kg6 47.Re5 Kf6 48.Re3 Rh1+ 49.Ke2 h5
50.Rf4+ Kg5 51.Rf8 h4 52.Re5+ Kg6 53.Rh8 Ra1 54.Rxh4 Rxa2+ 55.Ke3 Ra3+  1/2-1/2

[Event "20th World Seniors"]
[Site "Arco ITA"]
[Date "2010.11.04"]
[Round "9"]
[White "Farago,I"]
[Black "Dydyshko,V"]
[Result "0-1"]
[WhiteElo "2420"]
[BlackElo "2547"]

1.d4 Nf6 2.c4 d6 3.Nc3 Nbd7 4.e4 e5 5.Nf3 g6 6.Be2 Bg7 7.O-O O-O 8.Be3 Qe7
9.Qc2 exd4 10.Nxd4 c6 11.Rfe1 Re8 12.f3 a6 13.Bf1 Ne5 14.Rad1 c5 15.Nb3 Be6
16.Nd2 Rab8 17.b3 Nc6 18.Ndb1 Nd7 19.Qd2 Rbd8 20.Bg5 f6 21.Be3 Nde5 22.Nd5 Qf7
23.Nf4 Bc8 24.Qd5 Nb4 25.Qxf7+ Nxf7 26.Rd2 f5 27.a3 Nc6 28.exf5 Bxf5 29.Nd5 Nd4
30.Bd3 Nxb3 31.Rdd1 Bxd3 32.Rxd3 Nd4 33.Kf1 Ne5 34.Rc3 Nec6 35.Nd2 b5 36.Rd3 Nc2
37.Rc1 Ne5 38.Rb3 bxc4 39.Nxc4 Nxc4 40.Rxc2 Nxe3+ 41.Nxe3 Rb8 42.Rxb8 Rxb8
43.Nd5 Kf7 44.Re2 Rb1+ 45.Kf2 Rb2 46.a4 Bd4+ 47.Kf1 Rb1+ 48.Re1 Rxe1+ 49.Kxe1 Ke6
50.Nc7+ Kd7 51.Nxa6 Kc8  0-1

[Event "20th World Seniors"]
[Site "Arco ITA"]
[Date "2010.11.04"]
[Round "9"]
[White "Busu,C"]
[Black "Batakovs,O"]
[Result "1/2-1/2"]
[WhiteElo "2305"]
[BlackElo "2143"]

1.d4 Nf6 2.c4 g6 3.Nc3 Bg7 4.e4 d6 5.Be2 O-O 6.Nf3 e5 7.O-O exd4 8.Nxd4 Nc6
9.Be3 Re8 10.f3 a6 11.Qd2 Nh5 12.Rad1 Nxd4 13.Bxd4 Bxd4+ 14.Qxd4 Nf4 15.Rfe1 Qg5
16.Bf1 Ne6 17.Qd2 Qxd2 18.Rxd2 b6 19.Nd5 Kg7 20.f4 Bb7 21.g3 f6 22.Bg2 Rad8
23.f5 Bxd5 24.exd5 Nc5 25.Rde2 Re5 26.Rxe5 fxe5 27.fxg6 hxg6 28.b3  1/2-1/2

[Event "14th OIBM"]
[Site "Bad Wiessee GER"]
[Date "2010.11.04"]
[Round "7.26"]
[White "Duhayon,Y"]
[Black "Weber,U"]
[Result "0-1"]
[WhiteElo "2220"]
[BlackElo "2413"]

1.d4 Nf6 2.c4 g6 3.Nc3 Bg7 4.e4 d6 5.Nf3 O-O 6.Be2 e5 7.d5 a5 8.Nd2 Na6 9.h4 Nc5
10.h5 c6 11.g4 a4 12.f3 Bd7 13.Ndb1 Qb6 14.Na3 Rfc8 15.Rb1 Qa5 16.Be3 Ne8
17.Qd2 Qd8 18.hxg6 fxg6 19.g5 Qe7 20.Rh2 Bh8 21.Rd1 Rd8 22.Kf2 Ng7 23.dxc6 bxc6
24.Qxd6 Qxd6 25.Rxd6 Nge6 26.Rh1 Rdb8 27.Bc1 Bg7 28.Nc2 Nd4 29.Ne3 Bf8 30.Rxd7 Nxd7
31.Ng4 Bc5 32.Kg2 Ne6 33.Rd1 Bd4 34.c5 Ndxc5 35.Bc4 Rb4 36.Nf6+ Kg7 37.Bxe6 Nxe6
38.Ne2 Rd8 39.Nxd4 Rbxd4 40.Rh1 h5 41.Be3 Rd1  0-1

[Event "Chigorin Mem Classic Open"]
[Site "St Petersburg RUS"]
[Date "2010.11.04"]
[Round "8"]
[White "Usseinov,Chingis"]
[Black "Gantsevich,Dmitry"]
[Result "1-0"]
[WhiteElo "1775"]
[BlackElo "1623"]

1.d4 Nf6 2.c4 g6 3.Nc3 Bg7 4.e4 d6 5.Nf3 O-O 6.Be2 e5 7.Be3 Ng4 8.Bg5 f6
9.Bh4 exd4 10.Nxd4 Ne5 11.f3 Qe8 12.O-O Nbc6 13.Ndb5 Qf7 14.Nd5 a6 15.Nbxc7 Rb8
16.f4 Nd7 17.Nc3 Qe7 18.N7d5 Qe8 19.Ne3 Qe7 20.Qd5+ Kh8 21.Rad1 Nb6 22.Qxd6 Qxd6
23.Rxd6 Bd7 24.c5 Rbd8 25.cxb6 Bc8 26.Rfd1 Rxd6 27.Rxd6 Bh6 28.Bxf6+ Kg8
29.Bc4+ Rf7 30.Bxf7+  1-0

[Event "Chigorin Mem Classic Open"]
[Site "St Petersburg RUS"]
[Date "2010.11.04"]
[Round "8"]
[White "Kryakvin,D"]
[Black "Kalegin,E"]
[Result "1-0"]
[WhiteElo "2591"]
[BlackElo "2453"]

1.d4 Nf6 2.Nf3 g6 3.c4 Bg7 4.Nc3 O-O 5.e4 d6 6.Be2 e5 7.O-O c6 8.d5 c5 9.Bg5 h6
10.Bh4 Na6 11.Nd2 Bd7 12.a3 Qb8 13.Nb5 Kh8 14.Rb1 Ng8 15.b4 g5 16.Bg3 f5
17.exf5 Bxf5 18.Rb3 Nf6 19.Re1 Qd8 20.Nf1 Qd7 21.Ne3 Bg6 22.Bd3 Bxd3 23.Qxd3 Nh5
24.Qe2 Nf4 25.Qg4 Qxg4 26.Nxg4 h5 27.Ne3 h4 28.Bxf4 exf4 29.Ng4 Rfe8 30.Kf1 Rxe1+
31.Kxe1 Rd8 32.Kd2 Kh7 33.f3 Kg6 34.Nf2 Be5 35.h3 cxb4 36.axb4 Nb8 37.Nd3 a6
38.Nxe5+ dxe5 39.Nc3 Nc6 40.Kd3 Nd4 41.Rb2 Kf5 42.Ra2 Nc6 43.Rb2 Ne7 44.Ne4 b5
45.d6 Nc8 46.c5 Na7 47.Nc3 Nc6 48.Nd5 Re8 49.Ra2 Ra8 50.Kc3 e4 51.fxe4+ Kxe4
52.Nc7  1-0

[Event "Chigorin Mem Classic Open"]
[Site "St Petersburg RUS"]
[Date "2010.11.04"]
[Round "8"]
[White "Obrezchikov,M"]
[Black "Bronnikova,E"]
[Result "0-1"]
[WhiteElo "1996"]
[BlackElo "2270"]

1.d4 Nf6 2.Nf3 g6 3.c4 Bg7 4.Nc3 d6 5.e4 O-O 6.Be2 e5 7.dxe5 dxe5 8.Bg5 c6
9.Qxd8 Rxd8 10.h3 h6 11.Be3 Be6 12.O-O Nbd7 13.Rfd1 Bf8 14.a3 a5 15.Rd2 Nc5
16.Rad1 Rxd2 17.Nxd2 Nfd7 18.f4 exf4 19.Bxf4 Bg7 20.Ndb1 Ne5 21.Bxe5 Bxe5
22.Kf2 Nb3 23.Na4 Re8 24.Nbc3 Bd4+ 25.Kf3 Kg7 26.Bf1 f5 27.exf5 Bxf5 28.g4 Bc2
29.Rxd4 Nxd4+ 30.Kf2 Nb3 31.Nb6 Kf6 32.h4 Nc5 33.b4 axb4 34.axb4 Ne4+ 35.Nxe4+ Rxe4
36.Be2 Ke5 37.Bf3 Rd4 38.b5 Be4 39.bxc6 bxc6 40.Be2 Kf4 41.h5 Rd2 42.Na4 Bd3
43.Nc3 gxh5 44.gxh5 Rc2 45.Ke1 Bxe2 46.Nxe2+ Ke3  0-1